ČSSR a Komplexní program vědeckotechnického pokroku členských států RVHP do roku 2000
Salvato in:
| Autore principale: | |
|---|---|
| Altri autori: | |
| Natura: | Libro |
| Lingua: | ceco |
| Pubblicazione: |
Praha
Československá obchodní a průmyslová komora
1987
|
| Tags: |
Nessun Tag, puoi essere il primo ad aggiungerne!!
|
MARC
| LEADER | 00000nam a2200000 4500 | ||
|---|---|---|---|
| 001 | c023251 | ||
| 005 | 20250515080644.7 | ||
| 041 | 0 | |a cze | |
| 044 | |a CZ | ||
| 245 | 1 | 0 | |a ČSSR a Komplexní program vědeckotechnického pokroku členských států RVHP do roku 2000 |c Milan Čížkovský, Karel Matějka |
| 264 | 1 | |a Praha |b Československá obchodní a průmyslová komora |c 1987 | |
| 300 | |a 260 s. | ||
| 100 | 1 | |a Čížkovský, Milan | |
| 700 | 1 | |a Matějka, Karel | |